[Event "Caribean-chT Blitz 24th"]
[Site "San Salvador"]
[Date "2023.07.06"]
[Round "1.1"]
[White "Johnson, Gabriella"]
[Black "Kaslan, Catherine"]
[Result "0-1"]
[WhiteElo "1724"]
[BlackElo "1734"]
[PlyCount "88"]
[EventDate "2023.07.06"]
[EventType "tourn (blitz)"]
[EventRounds "15"]
[EventCountry "ESA"]
[SourceTitle "CBM 215 Extra"]
[Source "ChessBase"]
[SourceDate "2023.09.30"]
[SourceVersion "1"]
[SourceVersionDate "2023.09.30"]
[SourceQuality "1"]
[WhiteTeam "Trinidad and Tobago"]
[BlackTeam "Surinam"]
[WhiteTeamCountry "TRI"]
[BlackTeamCountry "SUR"]

1. e4 c5 2. Nf3 d6 3. Bb5+ Nd7 4. 0-0 a6 5. Bxd7+ Bxd7 6. Re1 e5 7. c3 Nf6 8. d4 cxd4 9. cxd4 exd4 10. Qxd4 Be7 11. Nc3 0-0 12. Bf4 Bc6 13. Rad1 Ne8 14. Nd2 b5 15. Qe3 Nf6 16. h3 Qc7 17. Nb3 Rad8 18. Nd4 Rfe8 19. Nf5 Bf8 20. Bh2 Nxe4 21. Nxe4 Rxe4 22. Qg3 Rxe1+ 23. Rxe1 Qd7 24. Nh6+ Kh8 25. Ng4 f5 26. Ne3 g6 27. b3 Bg7 28. Nc2 Qf7 29. Rd1 d5 30. Qd3 Bb7 31. Nd4 Re8 32. Qd2 h6 33. Qc2 Bf6 34. Qd2 Qg7 35. Nf3 Qf7 36. Rc1 Bg7 37. Rc7 Re7 38. Rc1 Kh7 39. Bg3 Qe8 40. Kh2 Re2 41. Qd3 Re7 42. Qd2 d4 43. Nxd4 Rd7 44. Rd1 Rxd4 0-1

[Event "Caribean-chT Blitz 24th"]
[Site "San Salvador"]
[Date "2023.07.06"]
[Round "4.1"]
[White "Kaslan, Catherine"]
[Black "Vasquez Vasquez, Marielos"]
[Result "1-0"]
[WhiteElo "1734"]
[BlackElo "1713"]
[PlyCount "75"]
[EventDate "2023.07.06"]
[EventType "tourn (blitz)"]
[EventRounds "15"]
[EventCountry "ESA"]
[SourceTitle "CBM 215 Extra"]
[Source "ChessBase"]
[SourceDate "2023.09.30"]
[SourceVersion "1"]
[SourceVersionDate "2023.09.30"]
[SourceQuality "1"]
[WhiteTeam "Surinam"]
[BlackTeam "El Salvador"]
[WhiteTeamCountry "SUR"]
[BlackTeamCountry "ESA"]

1. e4 c5 2. Nf3 Nc6 3. d4 cxd4 4. Nxd4 g6 5. c4 Bg7 6. Be3 Nf6 7. f3 d6 8. Nc3 0-0 9. Be2 Nxd4 10. Bxd4 Bd7 11. Qd2 Bc6 12. 0-0 a5 13. Rab1 Nd7 14. Nd5 Nc5 15. Bxg7 Kxg7 16. Rfc1 Bxd5 17. exd5 Qb6 18. Kh1 Rfc8 19. b3 Qb4 20. Qd4+ f6 21. Qe3 Rc7 22. Bd1 Qa3 23. Rc2 a4 24. Re2 axb3 25. axb3 Qb4 26. h3 b5 27. Qd4 Rb8 28. Bc2 Ra8 29. Rbe1 Raa7 30. Re3 bxc4 31. bxc4 Qb7 32. h4 Ra2 33. Bd3 Nb3 34. Qg4 h5 35. Qxg6+ Kf8 36. Qxh5 Nd4 37. Bg6 Rb2 38. Qh8# 1-0

[Event "Caribean-chT Blitz 24th"]
[Site "San Salvador"]
[Date "2023.07.06"]
[Round "6.1"]
[White "Kaslan, Catherine"]
[Black "Wilson, Hannah"]
[Result "0-1"]
[WhiteElo "1734"]
[BlackElo "1511"]
[PlyCount "106"]
[EventDate "2023.07.06"]
[EventType "tourn (blitz)"]
[EventRounds "15"]
[EventCountry "ESA"]
[SourceTitle "CBM 215 Extra"]
[Source "ChessBase"]
[SourceDate "2023.09.30"]
[SourceVersion "1"]
[SourceVersionDate "2023.09.30"]
[SourceQuality "1"]
[WhiteTeam "Surinam"]
[BlackTeam "Barbados"]
[WhiteTeamCountry "SUR"]
[BlackTeamCountry "BAR"]

1. e4 c5 2. Nf3 g6 3. d4 cxd4 4. Nxd4 Nc6 5. c4 Bg7 6. Be3 Nf6 7. f3 d6 8. Nc3 0-0 9. Be2 a5 10. Qd2 Bd7 11. 0-0 a4 12. Nd5 Nxd5 13. exd5 Nb8 14. Rab1 Na6 15. Rfc1 Nc5 16. b4 axb3 17. axb3 b6 18. b4 Nb7 19. Nc6 Qe8 20. Bxb6 Bxc6 21. dxc6 Qxc6 22. Bd4 e5 23. Be3 Rfd8 24. f4 Rac8 25. Bf3 e4 26. Be2 Qe8 27. Bd4 Qe6 28. Qc3 Bxd4+ 29. Qxd4 d5 30. c5 e3 31. Rc3 Re8 32. b5 Qe4 33. Qxe4 Rxe4 34. Rbc1 d4 35. Rc4 Re7 36. Bf3 Na5 37. Rxd4 Nb3 38. Rdd1 Nxc1 39. Rxc1 e2 40. Kf2 e1Q+ 41. Rxe1 Rxe1 42. Kxe1 Rxc5 43. b6 Rb5 44. b7 Kf8 45. Kf2 Ke7 46. g3 Kd7 47. h4 Rb2+ 48. Ke3 Rb3+ 49. Kf2 Kc7 50. Be4 Rb2+ 51. Kf3 f5 52. Bd5 Rc2 53. Ke3 Rc3+ 0-1

[Event "Caribean-chT Rapid 24th"]
[Site "San Salvador"]
[Date "2023.07.05"]
[Round "14.1"]
[White "Kaslan, Catherine"]
[Black "Johnson, Gabriella"]
[Result "1-0"]
[WhiteElo "1799"]
[BlackElo "1733"]
[PlyCount "120"]
[EventDate "2023.07.03"]
[EventType "tourn (rapid)"]
[EventRounds "15"]
[EventCountry "ESA"]
[SourceTitle "CBM 215 Extra"]
[Source "ChessBase"]
[SourceDate "2023.09.30"]
[SourceVersion "1"]
[SourceVersionDate "2023.09.30"]
[SourceQuality "1"]
[WhiteTeam "Surinam"]
[BlackTeam "Trinidad and Tobago"]
[WhiteTeamCountry "SUR"]
[BlackTeamCountry "TRI"]

1. e4 e5 2. Nf3 Nc6 3. d4 exd4 4. Nxd4 Nf6 5. Nxc6 bxc6 6. e5 Qe7 7. Qe2 Nd5 8. c4 Ba6 9. Nd2 g6 10. Nf3 Bg7 11. Bg5 Qb4+ 12. Kd1 Rb8 13. Qc2 Ne7 14. Rb1 Nc8 15. b3 0-0 16. Bd3 d5 17. cxd5 cxd5 18. Bxa6 Qg4 19. Qe2 Qxg2 20. Rg1 Qh3 21. Rg3 Qf5 22. Bd3 Qe6 23. Ke1 Nb6 24. Kf1 Rfe8 25. Rc1 Nd7 26. Bb5 Rbc8 27. Bc6 f6 28. Nd4 Qxe5 29. Qxe5 Nxe5 30. Bxe8 fxg5 31. Bb5 g4 32. Ne2 h5 33. h3 gxh3 34. Rxh3 c5 35. Nf4 Bh6 36. Nxd5 Rb8 37. Re1 Ng4 38. Bc4 Kg7 39. Be2 Ne5 40. f4 Nf7 41. Bc4 Nd6 42. Rhe3 Rf8 43. Re7+ Kh8 44. R1e6 Bxf4 45. Nxf4 Rxf4+ 46. Ke2 Nf5 47. Rxg6 Nxe7 48. Rh6+ Kg7 49. Rxh5 Nf5 50. Kd2 Rd4+ 51. Kc3 Kg6 52. Rh8 Nd6 53. Ra8 Nxc4 54. bxc4 Rd7 55. Rc8 Kf6 56. Rxc5 Ke6 57. Kb4 Rd2 58. a4 Rb2+ 59. Ka5 Kd6 60. Rc8 Kd7 1-0

[Event "Caribean-chT Rapid 24th"]
[Site "San Salvador"]
[Date "2023.07.05"]
[Round "13.1"]
[White "Perez Hernandez, Vicmary C"]
[Black "Kaslan, Catherine"]
[Result "1-0"]
[WhiteElo "1752"]
[BlackElo "1799"]
[PlyCount "105"]
[EventDate "2023.07.03"]
[EventType "tourn (rapid)"]
[EventRounds "15"]
[EventCountry "ESA"]
[SourceTitle "CBM 215 Extra"]
[Source "ChessBase"]
[SourceDate "2023.09.30"]
[SourceVersion "1"]
[SourceVersionDate "2023.09.30"]
[SourceQuality "1"]
[WhiteTeam "Venezuela"]
[BlackTeam "Surinam"]
[WhiteTeamCountry "VEN"]
[BlackTeamCountry "SUR"]

1. e4 c5 2. Nf3 d6 3. d4 cxd4 4. Qxd4 Nc6 5. Bb5 Bd7 6. Bxc6 Bxc6 7. Nc3 e6 8. Bg5 Nf6 9. 0-0-0 Be7 10. Rhe1 e5 11. Qd3 Qa5 12. Bxf6 gxf6 13. Kb1 Rd8 14. Nd5 Bxd5 15. Qxd5 Qxd5 16. Rxd5 Rg8 17. g3 Rc8 18. Nh4 Rc6 19. Nf5 Kd7 20. Red1 Rgc8 21. c3 Bf8 22. Kc2 Ke6 23. R1d3 Kd7 24. g4 Be7 25. Rh3 Rh8 26. Kd2 Rc5 27. Rxc5 dxc5 28. c4 Bf8 29. Ke3 Bd6 30. Rh6 Be7 31. a4 Bd8 32. Ke2 a6 33. Rh3 a5 34. Rb3 b6 35. Rd3+ Kc7 36. Rh3 Kd7 37. Ne3 Bc7 38. Nd5 Bd8 39. Rh6 Ke6 40. g5 Rg8 41. gxf6 Rg4 42. Kf3 Rg6 43. Rxh7 Bxf6 44. Nxb6 Bd8 45. Nd5 Rg1 46. Rh8 Bg5 47. Rg8 Rb1 48. Rxg5 Rxb2 49. h4 Rc2 50. h5 Rxc4 51. h6 Rc1 52. Rh5 Rb1 53. h7 1-0

[Event "Central America-ch (Women) 24th"]
[Site "San Salvador"]
[Date "2023.01.21"]
[Round "11"]
[White "Hermoso Rodriguez, Obdulis"]
[Black "Kaslan, Catherine"]
[Result "1-0"]
[WhiteElo "1976"]
[BlackElo "1856"]
[PlyCount "129"]
[EventDate "2023.01.21"]
[EventType "swiss"]
[EventRounds "11"]
[EventCountry "ESA"]
[SourceTitle "CBM 212 Extra"]
[Source "ChessBase"]
[SourceDate "2023.03.31"]
[SourceVersion "1"]
[SourceVersionDate "2023.03.31"]
[SourceQuality "1"]

1. d4 Nf6 2. c4 e6 3. Nc3 Bb4 4. Nf3 b6 5. g3 Bb7 6. Bg2 0-0 7. 0-0 d6 8. Bg5 h6 9. Bd2 Nbd7 10. a3 Bxc3 11. Bxc3 Ne4 12. Qc2 d5 13. Nd2 Ndf6 14. cxd5 exd5 15. Bb4 Re8 16. Rac1 c6 17. e3 Rc8 18. Bc3 Nxd2 19. Bxd2 Ne4 20. Bh3 Rc7 21. b4 Qf6 22. f3 Nd6 23. Bg2 Nc4 24. Qc3 Rce7 25. e4 Qg6 26. Bf4 Ba6 27. Rfe1 f5 28. e5 Qe6 29. a4 Kh7 30. Qc2 Rf8 31. h4 g6 32. Kf2 Qc8 33. Bh3 c5 34. b5 Bb7 35. dxc5 Qxc5+ 36. Kg2 Bc8 37. Kh2 Be6 38. Bf1 Qc8 39. Bd2 Rc7 40. Bb4 Re8 41. Bd6 Rd7 42. f4 Qb7 43. Bg2 Nxd6 44. exd6 Rxd6 45. Qc7+ Qxc7 46. Rxc7+ Rd7 47. Rxd7+ Bxd7 48. Rxe8 Bxe8 49. Bxd5 Kg7 50. Kg2 Kf6 51. Kf3 Ke7 52. Ke3 Bf7 53. Kd4 Bxd5 54. Kxd5 Kd7 55. Ke5 Ke7 56. h5 gxh5 57. Kxf5 Kf7 58. Ke5 Ke7 59. f5 Kf7 60. f6 Kf8 61. Ke6 Ke8 62. f7+ Kf8 63. Kf6 h4 64. gxh4 h5 65. Kg6 1-0

[Event "Central America-ch (Women) 24th"]
[Site "San Salvador"]
[Date "2023.01.21"]
[Round "6"]
[White "Viana, Valeria"]
[Black "Kaslan, Catherine"]
[Result "0-1"]
[WhiteElo "1471"]
[BlackElo "1856"]
[PlyCount "152"]
[EventDate "2023.01.21"]
[EventType "swiss"]
[EventRounds "11"]
[EventCountry "ESA"]
[SourceTitle "CBM 212 Extra"]
[Source "ChessBase"]
[SourceDate "2023.03.31"]
[SourceVersion "1"]
[SourceVersionDate "2023.03.31"]
[SourceQuality "1"]

1. e4 c5 2. Nf3 d6 3. Bb5+ Nd7 4. 0-0 e6 5. d4 cxd4 6. Qxd4 a6 7. Bxd7+ Bxd7 8. Nc3 Nf6 9. Bg5 Bc6 10. Rad1 Be7 11. Rfe1 0-0 12. h3 Qc7 13. Qe3 Rfd8 14. Nd4 Rac8 15. e5 dxe5 16. Qxe5 Qxe5 17. Rxe5 h6 18. Bc1 Nd5 19. Nxc6 bxc6 20. Nxd5 cxd5 21. c3 Rc4 22. Re3 Rdc8 23. Bd2 Bf6 24. Rg3 Kf8 25. Be3 a5 26. f4 a4 27. a3 Rb8 28. Bc1 d4 29. cxd4 Bxd4+ 30. Kh1 Bxb2 31. Bd2 Rb3 32. Rxb3 axb3 33. Bb4+ Kg8 34. Rd3 Rxf4 35. Rxb3 Rf1+ 36. Kh2 Be5+ 37. g3 Rf2+ 38. Kh1 Re2 39. a4 Ra2 40. Ra3 Rxa3 41. Bxa3 Bd4 42. Kg2 f6 43. Kf3 Kf7 44. Ke4 Ba7 45. Bd6 g6 46. g4 Ke8 47. Bf4 h5 48. g5 f5+ 49. Kd3 Kd7 50. Kc4 Kc6 51. a5 h4 52. Be5 Be3 53. Bc3 Bxg5 54. Bd4 Be7 55. a6 Bd6 56. Be3 e5 57. a7 Kb7 58. Kb5 f4 59. Bf2 g5 60. Kc4 e4 61. Kd5 e3 62. Be1 Bc7 63. Ke4 Kxa7 64. Kf3 Kb6 65. Bc3 Bd8 66. Ke2 Kc6 67. Be5 Kd5 68. Bb8 Ke4 69. Ba7 f3+ 70. Kf1 Ba5 71. Kg1 e2 72. Bf2 Bd2 73. Kh1 Be3 74. Kh2 Bxf2 75. Kh1 e1Q+ 76. Kh2 Bg3# 0-1

[Event "Olympiad Women-44"]
[Site "Chennai"]
[Date "2022.07.29"]
[Round "1.1"]
[White "Kaslan, Catherine"]
[Black "Brunello, Marina"]
[Result "0-1"]
[WhiteElo "1872"]
[BlackElo "2341"]
[PlyCount "86"]
[EventDate "2022.07.29"]
[EventType "team-swiss"]
[EventRounds "11"]
[EventCountry "IND"]
[SourceTitle "CBM 210"]
[Source "ChessBase"]
[SourceDate "2022.10.31"]
[SourceVersion "1"]
[SourceVersionDate "2022.10.31"]
[SourceQuality "1"]
[WhiteTeam "Surinam (W)"]
[BlackTeam "Italy (W)"]
[WhiteTeamCountry "SUR"]
[BlackTeamCountry "ITA"]

1. e4 c5 2. Nf3 d6 3. d4 cxd4 4. Nxd4 Nf6 5. Nc3 a6 6. Be3 e5 7. Nb3 Be6 8. f3 h5 9. Qd2 Nbd7 10. Nd5 Bxd5 11. exd5 g6 12. c4 b6 13. Bd3 Bg7 14. 0-0 a5 15. Rae1 0-0 16. Bg5 Qc7 17. Nc1 Rae8 18. Ne2 e4 19. fxe4 Nxe4 20. Bxe4 Rxe4 21. b3 Ree8 22. Nc3 Nc5 23. Bf6 Rxe1 24. Qxe1 Qd7 25. Bxg7 Kxg7 26. Rf3 Re8 27. Re3 Rxe3 28. Qxe3 Qf5 29. Qd4+ Kh7 30. Qf2 Qd7 31. Qf6 Kg8 32. Nb5 Ne4 33. Qd4 Qg4 34. h3 Qf4 35. Nxd6 Qc1+ 36. Kh2 Nxd6 37. Qxb6 Qf4+ 38. Kg1 Nf5 39. Qd8+ Kg7 40. Qxa5 Qe3+ 41. Kh2 h4 42. Qc7 Ng3 43. Qd6 Qe1 0-1

[Event "Online Olym Div3 D"]
[Site "Chess.com INT"]
[Date "2021.08.27"]
[Round "2.5"]
[White "Kaslan, Catherine"]
[Black "Oviedo Acosta, Paula"]
[Result "0-1"]
[WhiteElo "1872"]
[BlackElo "1637"]
[PlyCount "100"]
[EventDate "2021.08.27"]
[EventType "team-tourn (rapid)"]
[EventRounds "9"]
[EventCountry "USA"]
[SourceTitle "CBM 204 Extra"]
[Source "ChessBase"]
[SourceDate "2021.11.30"]
[SourceVersion "1"]
[SourceVersionDate "2021.11.30"]
[SourceQuality "1"]
[WhiteTeam "Surinam"]
[BlackTeam "Paraguay"]
[WhiteTeamCountry "SUR"]
[BlackTeamCountry "PAR"]

1. e4 c5 2. Nf3 e6 3. d4 cxd4 4. Nxd4 a6 5. Nc3 b5 6. Bd3 Qb6 7. Nb3 Bb7 8. a4 b4 9. a5 Qc7 10. Na4 Nc6 11. Be3 Nf6 12. 0-0 Be7 13. f4 d6 14. Qf3 Rc8 15. Nb6 Rb8 16. Kh1 Nd7 17. Nxd7 Qxd7 18. Rae1 Bf6 19. f5 0-0 20. g4 Ne5 21. Qh3 Nxd3 22. cxd3 Bxb2 23. Re2 Be5 24. Kg1 exf5 25. gxf5 g6 26. Qh6 Bg7 27. Qh4 f6 28. fxg6 hxg6 29. Bh6 Bxh6 30. Qxh6 Qh7 31. Qf4 Rbd8 32. Rg2 Rd7 33. Rf3 Rg7 34. Rfg3 g5 35. Qxd6 Qh4 36. Nc5 Qf4 37. Qe6+ Kh7 38. Rh3+ Kg6 39. Rf2 Qc1+ 40. Kg2 Qxc5 41. Qg4 Kf7 42. Qd7+ Kg8 43. Qg4 f5 44. Qh5 g4 45. Qh8+ Kf7 46. Rh5 Rxh8 47. Rhxf5+ Qxf5 48. Rxf5+ Kg6 49. Kg3 Rh3+ 50. Kxg4 Rxd3 0-1

[Event "Online Olym Div4 D"]
[Site "Chess.com INT"]
[Date "2020.07.31"]
[Round "2.4"]
[White "Richie Guillen, Ciara Bernadette"]
[Black "Kaslan, Catherine"]
[Result "1/2-1/2"]
[WhiteElo "1417"]
[BlackElo "1872"]
[PlyCount "83"]
[EventDate "2020.07.31"]
[EventType "team-tourn (rapid)"]
[EventRounds "9"]
[EventCountry "USA"]
[SourceTitle "CBM 198"]
[Source "ChessBase"]
[SourceDate "2020.10.31"]
[SourceVersion "1"]
[SourceVersionDate "2020.10.31"]
[SourceQuality "1"]
[WhiteTeam "Puerto Rico"]
[BlackTeam "Surinam"]
[WhiteTeamCountry "PUR"]
[BlackTeamCountry "SUR"]

1. d4 Nf6 2. c4 e6 3. Nc3 Be7 4. e4 d5 5. cxd5 exd5 6. e5 Ne4 7. Nf3 Nxc3 8. bxc3 c5 9. Bd3 c4 10. Bc2 Bg4 11. h3 Bh5 12. 0-0 Nc6 13. Qe2 Qd7 14. Bd1 Bg6 15. Bc2 0-0-0 16. a4 Rde8 17. Bf4 Bd8 18. Rfb1 Ba5 19. Qd2 Bh5 20. Bd1 h6 21. Rb5 g5 22. Bh2 a6 23. Rb2 Re7 24. Be2 Qe6 25. Ne1 Bxe2 26. Qxe2 Bxc3 27. Rab1 Bxb2 28. Qxb2 f6 29. Nf3 f5 30. Kh1 Rg8 31. g3 f4 32. g4 h5 33. Ng1 hxg4 34. hxg4 Qxg4 35. f3 Qf5 36. Ne2 Rh8 37. Rg1 Reh7 38. Rg2 Qd3 39. Ng1 Qf5 40. Ne2 Rh3 41. Ng1 R3h7 42. Ne2 1/2-1/2